000 00691nam a22002057a 4500
005 20160523112630.0
010 _aENG-115125
020 _a9788120351820
_c550.00
035 _aEN-98657
037 _bDBAD/PUB
082 _a624.1513
100 _aDebasis Deb
245 _aFundamentals and applications of rock mechanics /
_cby Debasis Deb [and] Abhiram Kumar Verma
260 _aDelhi
_bPHI Learning
_c2016
270 _aRimjhim House, 111, Patparganj Industrial Estate
_bDelhi
_e110092
300 _axvii,473p. :
_bill.
_c24cm(pbk)
500 _aIncludes bibliographical references and index
700 _aVerma, Abhiram Kumar
942 _2ddc
_cEN
_mDEB
_h624.1513
999 _c100029
_d100029